000 00625nam a2200205Ia 4500
003 GCL
008 140319s9999 xx 000 0 ara d
020 _a8207314977
040 _aGCL /
_cGCL
082 0 4 _a152
_bأ س
100 1 _aالسيد محمد ابو هاشم
245 1 0 _aسيكولوجية المهارات /
_cالسيد محمد ابو هاشم
250 _aالاولى
260 _aالقاهرة :
_bزهراء الشرق ،
_c2004
300 _a205 ص ؛
_c24 سم
650 0 4 _aعلم النفس
650 0 4 _aالمهارات
650 0 4 _aالمهارات - علم النفس
942 _2ddc
_cBK
999 _c6366
_d6366